| 000 | 00644nam a2200205Ii 4500 | ||
|---|---|---|---|
| 003 | JO-AjNU | ||
| 008 | 230605s9999||||xx |||||||||||||| ||und|| | ||
| 017 | _a2001/4/719 | ||
| 040 |
_aJO-AjNU _bara _erda _cJO-AjNU |
||
| 041 | _aara | ||
| 050 | 1 | 4 | _aBP182.A222 2001 |
| 100 | 3 |
_aعبد الله، عبد الرحيم صالح, _eauthor _915745 |
|
| 245 | 0 | 0 | _aفريضة الجهاد في سبيل الله ذروة سنام الإسلام |
| 264 | 3 | 1 | _aعمان: د.ن، 2001 |
| 300 | _a340ص | ||
| 336 |
_atext _btxt _2rdacontent |
||
| 337 |
_aunmediated _bn _2rdamedia |
||
| 338 |
_avolume _bnc _2rdacarrier |
||
| 650 | 4 |
_aالجهاد _915746 |
|
| 999 |
_aA4518 _c8086 _d8086 |
||